First Five Quiz #1 - Statistics

General Stats
  • This quiz has been taken 18 times
  • The average score is 9 of 25
Answer Stats
Category Answer % Correct
Olympic Games Host Cities Athens
100%
Olympic Games Host Cities London
100%
Olympic Games Host Cities Paris
100%
Elements on the Periodic Table Hydrogen
80%
Elements on the Periodic Table Helium
73%
Stephen King Novels Carrie
53%
Elements on the Periodic Table Lithium
53%
Elements on the Periodic Table Boron
47%
Olympic Games Host Cities St. Louis
40%
Olympic Games Host Cities Stockholm
33%
Michael Jackson Solo Albums Ben
27%
Elements on the Periodic Table Beryllium
27%
Stephen King Novels The Shining
27%
Stephen King Novels The Stand
27%
Michael Jackson Solo Albums Off the Wall
13%
Nobel Peace Prize Recipients Élie Ducommun
7%
Michael Jackson Solo Albums Forever, Michael
7%
Nobel Peace Prize Recipients Frédéric Passy
7%
Michael Jackson Solo Albums Got to Be There
7%
Nobel Peace Prize Recipients Henry Dunant
7%
Michael Jackson Solo Albums Music and Me
7%
Stephen King Novels Rage
7%
Stephen King Novels Salem's Lot
7%
Nobel Peace Prize Recipients Albert Gobat
0%
Nobel Peace Prize Recipients Randal Cremer
0%
No matching quizzes found
Score Distribution
Percent of People with Each Score
Percentile by Number Answered
Your Score History
You have not taken this quiz